| 000 | 00342nam a22001577a 4500 | ||
|---|---|---|---|
| 003 | SGT | ||
| 020 | _a9788178556406 | ||
| 082 |
_a616.01 _bM17B |
||
| 100 | _aBaveja CP | ||
| 245 | _aTextbook Of Microbiology | ||
| 250 | _a5TH | ||
| 260 |
_aNEW DELHI _bARYA PUBLISHER _c2017 |
||
| 300 | _a646 | ||
| 650 | _aMicrobiology | ||
| 942 |
_2ddc _cBK _046 |
||
| 999 |
_c15565 _d15565 |
||